| 000 | 01199nam a2200241Ia 4500 | ||
|---|---|---|---|
| 001 | 18025 | ||
| 003 | GE_BSU | ||
| 008 | 181216s||||||||xx |||||||||||||| ||und|| | ||
| 040 | _cGE_BSU | ||
| 080 | _a81'1 | ||
| 245 | _aთანამედროვე ზოგადი და მათემატიკური ენათმეცნიერების საკითხები. ნაწ. 3. | ||
| 245 | _b[სტატიების კრებული] | ||
| 245 | _cრედ. თ. შარაძენიძე | ||
| 250 | _aენათმეცნიერების ინ-ტი | ||
| 260 | _aთბილისი | ||
| 260 | _bმეცნიერება | ||
| 260 | _c1972 | ||
| 300 | _a169 გვ. 26სმ. | ||
| 520 | _aთითოეული სტატიის რეზუმე რუს. ენ | ||
| 653 | _aზოგადი ენათმეცნიერება; მათემატიკური ლინგვისტიკა | ||
| 653 | _aთანამედროვე ზოგადი და მათემატიკური ენათმეცნიერების საკითხები | ||
| 942 | _cBK | ||
| 999 |
_c51068 _d51068 |
||